Обеспечение точности электронной аппаратуры (конструкторско-технологические методы)

Bibliographic Details
Main Author: Лопухин В. А. Владимир Алексеевич
Language:Russian
Published: Ленинград, Машиностроение, 1980
Subjects:
Format: Book
KOHA link:https://koha.lib.tpu.ru/cgi-bin/koha/opac-detail.pl?biblionumber=55925

MARC

LEADER 00000nam0a2200000 4500
001 55925
005 20231031052952.0
035 |a (RuTPU)RU\TPU\book\58715 
090 |a 55925 
100 |a 20030923d1980 km y0rusy50 ca 
101 0 |a rus 
102 |a RU 
105 |a a z 001zy 
200 1 |a Обеспечение точности электронной аппаратуры (конструкторско-технологические методы)  |f В. А. Лопухин 
210 |a Ленинград  |c Машиностроение  |d 1980 
215 |a 269 с.  |c ил. 
320 |a Библиогр.: с. 262-267. 
610 1 |a электроника 
610 1 |a электронная аппаратура 
610 1 |a точность 
610 1 |a производство 
610 1 |a допуски 
610 1 |a компоненты 
610 1 |a комплектование 
610 1 |a детали 
610 1 |a регулировка 
675 |a 621.38  |v 3 
700 1 |a Лопухин  |b В. А.  |g Владимир Алексеевич 
801 1 |a RU  |b 63413507  |c 20030923  |g PSBO 
801 2 |a RU  |b 63413507  |c 20101119  |g PSBO 
942 |c BK